书目信息 |
| 题名: |
回归本真
|
|
| 作者: | 冯建军 著 | |
| 分册: | ||
| 出版信息: | 北京 中国人民大学出版社 2019 |
|
| 页数: | 302页 | |
| 开本: | 24cm | |
| 丛书名: | 当代中国教育学人文库 | |
| 单 册: | ||
| 中图分类: | G40-02 | |
| 科图分类: | ||
| 主题词: | 教育哲学--jiao yu zhe xue--研究 | |
| 电子资源: | ||
| ISBN: | 978-7-300-26417-2 | |
| 000 | 01328nam 2200301 450 | |
| 001 | 012001002092 | |
| 005 | 20131027163201.0 | |
| 010 | @a978-7-300-26417-2@dCNY68.00 | |
| 099 | @aCAL 012019098710 | |
| 100 | @a20190626d2019 em y0chiy50 ea | |
| 101 | 0 | @achi |
| 102 | @aCN@b110000 | |
| 105 | @ay a 000yy | |
| 106 | @ar | |
| 200 | 1 | @a回归本真@Ahui gui ben zhen@e“教育与人”的哲学探索@f冯建军著 |
| 210 | @a北京@c中国人民大学出版社@d2019 | |
| 215 | @a302页@d24cm | |
| 225 | 2 | @a当代中国教育学人文库@Adang dai zhong guo jiao yu xue ren wen ku |
| 314 | @a冯建军, 现任教育部人文社科重点研究基地南京师范大学教育研究所所长。 | |
| 320 | @a有书目 | |
| 330 | @a本书以马克思主义人学思想为指导, 分析批判了传统教育哲学以本体论的思维方式研究人, 以马克思主义的实践生成论替代传统本体论, 从实践中人的存在规定出发, 回到“具体的人”, 研究时代的人与时代的教育。本书依据中国社会发展的现实与趋势, 探讨了主体与教育、生命与教育、公民与教育、正义与教育等时代教育问题, 确立教育人学的思想, 并以教育人学思想引领我国教育改革。 | |
| 410 | 0 | @12001 @a当代中国教育学人文库 |
| 517 | 1 | @a“教育与人”的哲学探索@A“ jiao yu yu ren ”de zhe xue tan suo |
| 606 | 0 | @a教育哲学@Ajiao yu zhe xue@x研究 |
| 690 | @aG40-02@v5 | |
| 701 | 0 | @a冯建军@Afeng jian jun@4著 |
| 801 | 0 | @aCN@b江苏凤凰@c20191020 |
| 905 | @b1228187-90@dG40-02@e1019@f4 | |
| 回归本真:“教育与人”的哲学探索/冯建军著.-北京:中国人民大学出版社,2019 |
| 302页;24cm.-(当代中国教育学人文库) |
| ISBN 978-7-300-26417-2:CNY68.00 |
| 本书以马克思主义人学思想为指导, 分析批判了传统教育哲学以本体论的思维方式研究人, 以马克思主义的实践生成论替代传统本体论, 从实践中人的存在规定出发, 回到“具体的人”, 研究时代的人与时代的教育。本书依据中国社会发展的现实与趋势, 探讨了主体与教育、生命与教育、公民与教育、正义与教育等时代教育问题, 确立教育人学的思想, 并以教育人学思想引领我国教育改革。 |
| ● |
| 相关链接 |
|
|
|
|
正题名:回归本真
索取号:G40-02/1019
 
预约/预借
| 序号 | 登录号 | 条形码 | 馆藏地/架位号 | 状态 | 备注 |
| 1 | 1228187 | 212281877 | 第一样本阅览室/ [索取号:G40-02/1019] | 在馆 | |
| 2 | 1228188 | 212281886 | 教育系资料室/ [索取号:G40-02/1019] | 在馆 | |
| 3 | 1228189 | 212281895 | 教育系资料室/ [索取号:G40-02/1019] | 在馆 | |
| 4 | 1228190 | 212281902 | 第四借阅区/ [索取号:G40-02/1019] |
已借出,限还日期为2026.03.16 借出人:李艳艳 |